000 00600nam a2200205Ia 4500
005 20250508153118.0
008 008 250505s9999 xx 000 0 eng d
037 _aTextual
040 _aFEDL
_beng
_cFEDL
041 _aeng
_2eng
084 _a301, STA
_qFEDL
100 _aStark Werner
245 0 _aFundamental forms of social thought
260 _aLondon, UK
_bRoutledge and Kegan Paul
_c1962
300 _aviii,270p
490 _aInternational library of sociology and social reconstruction
650 _aSociology
942 _cTEXL
_h301, STA
999 _c1340759
_d1340759